Statistics for Ariana Grande lyrics - Thank You Next

Click here to take the quiz!

General Stats

  • This quiz has been taken 458 times
    (422 since last reset)
  • The average score is 305 of 381

Answer Stats

Lyrics % Correct
i
99%
i
99%
i
99%
i
99%
i
99%
i
99%
i
99%
i
99%
i
99%
i
99%
i
99%
i
99%
thank
98%
you
98%
you
98%
thank
98%
you
98%
you
98%
thank
98%
you
98%
thank
98%
thank
98%
you
98%
thank
98%
you
98%
thank
98%
you
98%
thank
98%
you
98%
thank
98%
you
98%
you
98%
thank
98%
you
98%
a
98%
thank
98%
you
98%
thank
98%
you
98%
you
98%
thank
98%
thank
98%
thank
98%
you
98%
you
98%
thank
98%
you
98%
thank
98%
you
98%
thank
98%
you
98%
thank
98%
you
98%
thank
98%
thank
98%
thank
98%
you
98%
thank
98%
you
98%
you
98%
a
98%
thank
98%
thank
98%
you
98%
you
98%
so
97%
next
97%
(next)
97%
next
97%
next
97%
so
97%
next
97%
(next)
97%
next
97%
so
97%
next
97%
so
97%
next
97%
so
97%
so
97%
next
97%
so
97%
next
97%
so
97%
so
97%
next
97%
(next)
97%
next
97%
next
97%
next
97%
next
97%
next
97%
next
97%
(next)
97%
so
97%
so
97%
next
97%
so
97%
next
97%
next
97%
next
97%
so
97%
next
97%
next
97%
next
97%
(next)
97%
next
97%
an
95%
was
95%
i'm
94%
for
94%
for
94%
for
94%
but
94%
i'm
94%
but
94%
for
94%
but
94%
i'm
94%
but
94%
i'm
94%
for
94%
i'm
94%
for
94%
for
94%
for
94%
for
94%
i'm
94%
for
94%
i'm
94%
but
94%
i'm
94%
but
94%
sean
93%
he
93%
me
93%
he
93%
me
93%
me
93%
me
93%
me
93%
me
93%
(love)
92%
with
92%
love
92%
and
92%
with
92%
and
92%
and
92%
with
92%
and
92%
with
92%
love
92%
and
92%
and
92%
with
92%
love
92%
and
92%
and
92%
and
92%
and
92%
angel
91%
no
91%
no
91%
match
91%
on
91%
my
90%
my
90%
my
90%
thought
90%
my
90%
my
90%
my
90%
my
90%
my
90%
that
89%
that
89%
that
89%
ex
89%
that
89%
that
89%
ex
89%
ex
89%
that
89%
ex
89%
wasn't
89%
that
89%
patience
88%
ricky
88%
listen
88%
got
88%
song
88%
got
88%
got
88%
one
88%
one
88%
one
88%
to
88%
(patience)
88%
patience
88%
one
88%
got
88%
up
88%
one
88%
end
88%
patience
88%
amazing
87%
say
87%
'cause
87%
'cause
87%
say
87%
'cause
87%
amazing
87%
say
87%
say
87%
amazing
87%
'cause
87%
say
87%
taught
86%
pain
86%
thankful
86%
about
86%
taught
86%
taught
86%
pain
86%
pain
86%
taught
86%
(pain)
86%
laugh
86%
taught
86%
taught
86%
some
85%
married
85%
what
84%
what
84%
what
84%
pete
84%
grateful
84%
wrote
84%
grateful
84%
grateful
84%
what
84%
what
84%
what
84%
grateful
84%
songs
84%
i'd
84%
what
84%
not
82%
almost
82%
see
82%
see
82%
see
82%
not
82%
now
82%
not
82%
look
81%
look
81%
look
81%
look
81%
wish
81%
even
80%
could
79%
last
79%
last
79%
i've
78%
i've
78%
i've
78%
i've
78%
i've
78%
that's
78%
i've
78%
iv'e
78%
i've
78%
that's
78%
that's
78%
malcolm
78%
i've
78%
i've
78%
i've
78%
loved
77%
loved
77%
loved
77%
lost
75%
lost
75%
lost
75%
is
73%
is
73%
the
72%
the
72%
the
72%
she
71%
she
71%
she
71%
she
71%
be
70%
ari
66%
do
63%
dad
62%
it
60%
this
60%
this
60%
name
59%
from
58%
from
58%
i'll
57%
i'll
57%
drama
57%
i'll
57%
we
57%
good
56%
good
56%
gon'
56%
gon
56%
mama
54%
hands
53%
friends
53%
grew
52%
time
52%
fast
52%
walk
52%
down
51%
holding
51%
nothin'
50%
searching
50%
handles
50%
searching
50%
day
50%
spend
50%
too
49%
someone
49%
better
48%
ain't
48%
ain't
48%
move
48%
need
48%
else
48%
ain't
48%
thanking
48%
need
48%
they
47%
freakin
47%
freakin
47%
'bout
47%
freakin
47%
met
46%
discussions
46%
aisle
45%
know
44%
havin'
44%
worried
43%
much
43%
much
43%
smash
42%
learned
42%
more
40%
found
40%
make
40%
found
40%
real
39%
plus
38%
bad
38%
once
37%
only
36%
least
35%
god
34%
wanna
34%
forbid
33%
out
32%
happens
32%
something
31%
turned
30%
freaking
19%
freaking
19%
freaking
19%
yee
15%
yee
15%
yee
15%
yee
15%
ish
4%
ish's
2%

Score Distribution

Percentile by Number Answered

Percent of People with Each Score

Your Score History

You have not taken this quiz since the last reset